000 00659na a2200217 4500
001 18476
003 MIRAKIL
005 20181213155035.0
008 161118b tu 000 0
040 _aMilas
_btur
_cTR-AnCHP
041 _atur
082 _a340.3
_bA52 [t.y.]
090 _a340.3 A52 [t.y.]
245 _aAnayasa reformu aracılığı ile Türkiye'nin denge ve denetleme sisteminin güçlendirilmesi
_cİstanbul Politikalar Merkezi
260 _aİstanbul
_bİPM
_c[t.y.]
300 _a29 s.
_c27 sm. +
_e1 CD
650 _aHukuk reformu
651 _aTürkiye
_xYargı sistemi
710 _aİstanbul Politikalar Merkezi
942 _2dcc
_cBKS
999 _c5405
_d5405